Porovnanie denného internetu k predplateným SIM kartám v Maďarsku a na Slovensku
Denné internetové balíky k preplateným SIM kartám mobilných operátorov. Porovnanie aktuálnej situácie na našom trhu so susedným Maďarskom.
Salvato in:
| Autore principale: | |
|---|---|
| Natura: | Capitolo di libro |
| Lingua: | slovacco |
| Soggetti: | |
| Tags: |
Nessun Tag, puoi essere il primo ad aggiungerne!!
|
MARC
| LEADER | 00000nla a2200000 4500 | ||
|---|---|---|---|
| 001 | 0240019 | ||
| 005 | 20240502073907.3 | ||
| 041 | 0 | |a slo | |
| 044 | |a SK | ||
| 245 | 1 | 0 | |a Porovnanie denného internetu k predplateným SIM kartám v Maďarsku a na Slovensku |c Attila Pólya |
| 520 | |a Denné internetové balíky k preplateným SIM kartám mobilných operátorov. Porovnanie aktuálnej situácie na našom trhu so susedným Maďarskom. | ||
| 610 | 2 | 0 | |a dáta |
| 610 | 2 | 0 | |a telekomunikácie |
| 610 | 2 | 0 | |a internet |
| 610 | 2 | 0 | |a operátori |
| 610 | 2 | 0 | |a Slovensko |
| 610 | 2 | 0 | |a Maďarsko |
| 100 | 1 | |a Pólya, Attila | |